00354nam a2200157Ia 4500003000400000005001700004008004100021040000700062041000800069082001500077100002000092245002400112260004000136300000800176650001200184OSt20260323142500.0250729s2008 xx 000 0 und d cAL akan a900.3 SATS aSathish Chandra aSubhashchandra bose aMangalorebStudent Book Housec2008 a48p aHistory